IBM PC & XT Assembly Language (Record no. 139176)

MARC details
000 -LEADER
campo de control de longitud fija 00582nam a2200193 4500
001 - NÚMERO DE CONTROL
campo de control 139176
003 - IDENTIFICADOR DE NÚMERO DE CONTROL
campo de control ES-MaACL
005 - FECHA Y HORA DE LA ÚLTIMA TRANSACCIÓN
campo de control 20230906195722.0
007 - CAMPO FIJO DE DESCRIPCIÓN FÍSICA--INFORMACIÓN GENERAL
campo de control de longitud fija t|
008 - DATOS DE LONGITUD FIJA--INFORMACIÓN GENERAL
campo de control de longitud fija 070214s1985 xxu r ||||1| eng d
100 1# - ENTRADA PRINCIPAL--NOMBRE DE PERSONA
Nombre de persona Scanlon, Leo J.
9 (RLIN) 104138
245 10 - MENCIÓN DEL TÍTULO
Título IBM PC & XT Assembly Language
Resto del título : a guide for programmers, enhanced and enlarged /
Mención de responsabilidad, etc. Leo J. Scanlon.
260 ## - PUBLICACIÓN, DISTRIBUCIÓN, ETC.
Lugar de publicación, distribución, etc. New York :
Nombre del editor, distribuidor, etc. Prentice Hall,
Fecha de publicación, distribución, etc. 1985.
300 ## - DESCRIPCIÓN FÍSICA
Extensión XII, 395 p. ;
Dimensiones 24 cm.
490 1# - MENCIÓN DE SERIE
Mención de serie A Brady book
830 0# - PUNTO DE ACCESO ADICIONAL DE SERIE-TÍTULO UNIFORME
Título uniforme A Brady book
9 (RLIN) 220201
852 ## - LOCALIZACIÓN
Ubicación ES-MaACL
Número de control de estantería L-11632
Sublocalización o colección R.113306
Holdings
Estatus retirado Estado de pérdida Estado de daño No para préstamo Biblioteca de origen Biblioteca actual Ubicación en estantería Fecha de adquisición Fuente de adquisición Total de préstamos Signatura topográfica completa Código de barras Visto por última vez Precio de reemplazo Tipo de ítem Koha
        Biblioteca del Ateneo de Madrid Biblioteca del Ateneo de Madrid Depósito 2 17/01/2008     L-11632 1144830 23/02/2023 23/02/2023 Libro impreso